Statistics for Countries With Most Cities Having 1 Million+ Population

Click here to take the quiz!

General Stats

  • This quiz has been taken 115 times
  • The average score is 17 of 19

Answer Stats

#Answer% Correct
117China
100%
11Germany
100%
55India
100%
15Mexico
99%
10United Kingdom
99%
53United States
99%
20Brazil
98%
13Japan
98%
16Russia
98%
6France
96%
17Indonesia
96%
9Pakistan
93%
6Canada
91%
7South Korea
91%
12Nigeria
90%
7Iran
86%
10Turkey
86%
6Colombia
78%
6Morocco
44%

Score Distribution

Percentile by Number Answered

Percent of People with Each Score

Your Score History

You have not taken this quiz